|
|
|
|
| LEADER |
00598nam a22001697a 4500 |
| 020 |
|
|
|a 9788191012101
|
| 082 |
|
|
|a H3
|b MIL/S
|
| 100 |
|
|
|a Milind Bokil
|9 46219
|
| 245 |
|
|
|a Samandar/
|c by Milind Bokil and Padmaja Ghorpade (tr.)
|
| 260 |
|
|
|a Ghaziabad:
|b Shashi Prakashan,
|c 2010.
|
| 300 |
|
|
|a 96p.
|
| 650 |
|
|
|a Novel Hindi
|9 46220
|
| 650 |
|
|
|a Literature Hindi
|9 46221
|
| 650 |
|
|
|a Literature
|9 46222
|
| 942 |
|
|
|c BK
|
| 999 |
|
|
|c 71575
|d 71575
|
| 952 |
|
|
|0 0
|1 0
|4 0
|6 H_3_000000000000000_MIL_S
|7 0
|9 92193
|a SSUS
|b SSUS
|c STACKS
|d 2018-05-22
|g 200.00
|o H3 MIL/S
|p 089219
|r 2018-05-22
|w 2018-05-22
|y BK
|